000 00414cam a2200157ua 4500
041 _aeng
_h
082 _a828.09
_bCRA/LA
100 _aCrane, R S .
245 _aLanguages of criticism and the structure of poetry /
_cR S Crane.
_hTextual Documents
250 _a1 /
_b.
260 _aToronto :
_bUniversity of Toronto Press ,
_c1964.
300 _a214 ; .
504 _a
942 _cBK
999 _c3514
_d3514